000 00505nam a2200193Ia 4500
005 20240823011634.0
008 240823s9999||||xx |||||||||||||| ||und||
041 _aENGLISH
082 _A659.1 P2
100 _aKaleem Mohammad Khan
245 0 _aFacts of Indian Advertising and consumer Behaviour
250 _a1st
260 _c2002
_b"Kanishka,New Delhi"
500 _aTRANSFERED
650 _aManagement
_bManagement Studies
700 _a Mohammad Naved Khan
942 _cBK
999 _c162114
_d162114